La violencia en la familia (Registro nro. 169323)
[ vista simple ]
| 000 -LEADER | |
|---|---|
| fixed length control field | 02760nam a22002657a 4500 |
| 007 - PHYSICAL DESCRIPTION FIXED FIELD--GENERAL INFORMATION | |
| fixed length control field | cr|||| |||| |
| 008 - FIXED-LENGTH DATA ELEMENTS--GENERAL INFORMATION | |
| fixed length control field | 210204s2020 es |||||s|||| 00||0 spa d |
| 020 ## - INTERNATIONAL STANDARD BOOK NUMBER | |
| International Standard Book Number | 978-84-1377-121-2 |
| 035 ## - | |
| -- | 32947 |
| 040 ## - CATALOGING SOURCE | |
| Original cataloging agency | vLex |
| 090 ## - | |
| -- | 11087 |
| -- | 11087 |
| 100 1# - MAIN ENTRY--PERSONAL NAME | |
| Personal name | Ramírez, Jesús Martín |
| 245 12 - TITLE STATEMENT | |
| Title | La violencia en la familia |
| Medium | [Recurso electrónico] / |
| Statement of responsibility, etc | Jesús Martín Ramírez, Valentín Martínez-Otero Pérez |
| 256 ## - | |
| -- | Servicio en línea |
| 260 ## - PUBLICATION, DISTRIBUTION, ETC. (IMPRINT) | |
| Place of publication, distribution, etc | Madrid: |
| Name of publisher, distributor, etc | Dykinson, |
| Date of publication, distribution, etc | 2020 |
| 300 ## - PHYSICAL DESCRIPTION | |
| Extent | 1 recurso electrónico |
| 500 ## - GENERAL NOTE | |
| General note | La Violencia en la Familia es una obra colectiva, surgida por iniciativa del Grupo Complutense de Investigación: Psicosociobiología de la Violencia: Educación y Prevención, junto con la Fundación CICA International, con apoyo del Vicerrectorado de Investigación y Transferencia de la Universidad Complutense de Madrid. Este libro inaugura una serie de carácter científico y humanístico de alcance internacional que reunirá obras de naturaleza dual, a un tiempo libros y revistas especializados, en que se combinen el rigor de la investigación con la difusión de los conocimientos, buscando la orientación cultural, educativa y preventiva. Diversificada en cuatro grandes bloques temáticos psicopeda-gógico, neuropsicológico-terapéutico, legal y sociopolítico, La Violencia en la Familia es fruto de la aportación interdisciplinar de una veintena de universitarios de siete países Brasil, Colombia, España, Estados Unidos, México, Polonia y República Dominicana, procedentes principalmente de los campos de la salud, del derecho y de la educación. Esta obra quiere contribuir a que se tome conciencia del problema de la violencia en la familia, destacando el principal papel que corresponde a la actuación educativa, jurídica, sanitaria y sociopolítica en su prevención, así como en el abordaje de sus consecuencias, ofreciendo una plataforma para fortalecer el compromiso con los valores y las acciones que impulsan el respeto a la dignidad de toda persona y las relaciones humanas saludables dondequiera que acontezcan, particularmente en el seno familiar, que ha de ser un ámbito presidido por la seguridad y el afecto. |
| 506 1# - RESTRICTIONS ON ACCESS NOTE | |
| Terms governing access | Disponible solo en los productos indicados |
| Authorized users | vLex Global |
| -- | vLex Global (Academic Edition, excluding Law Schools) |
| -- | vLex Global (U.S. Academic Edition, Law Schools) |
| -- | vLex Global (U.S. Academic Edition, excluding Law Schools) |
| -- | vLex Global (Academic Edition, Law Schools) |
| 650 04 - SUBJECT ADDED ENTRY--TOPICAL TERM | |
| Topical term or geographic name as entry element | Familia y Sucesiones |
| Geographic subdivision | España |
| 700 1# - ADDED ENTRY--PERSONAL NAME | |
| Personal name | Martínez-Otero Pérez, Valentín |
| 740 0# - | |
| -- | vLex Libros (Servicio en línea) |
| 856 40 - LOCALIZACIÓN Y ACCESO ELECTRÓNICO | |
| Identificador Uniforme del Recurso (URI/URL) | https://app.vlex.com/#/sources/violencia-en-la-familia-32947 |
| 942 ## - | |
| -- | RAA |
| 999 ## - | |
| -- | 169323 |
| -- | 169323 |
No hay ítems disponibles.